000 01706nam0a22004451 4500
001 RU\NLR\A1SV\117552
005 20260406113423.0
035 _a(NLR Aleph) 010438262
090 _a9880627
_c9880627
100 _a20130401d1926 u y0rusy50 ca
101 0 _arus
102 _aRU
200 1 _aСтроители
_e[Сб.]
210 _aМ.
_aЛ.
_cМолодая гвардия
_d1926
215 _a336 с.
_cил.
_d18 см
225 _aРабочий в мир. лит.
_eСер. производ. сборников
_fПод ред. И.С.Рабиновича
_v[Т.5]
300 _aСер. указана на общ. тит. л.
300 _aАвт.: М.Горький, М.Дорту, К.Тетмайер, Г.Ньюкомб, С.Реймонт, И.Эртель, Н.Некрасов, Р.Фокс, Д.Нечаев, В.Вересаев [и др.]
300 _aНапеч. в Ленинграде
620 _dМосква
620 _dСанкт-Петербург
702 1 _7ca
_8rus
_aГорький
_bМ.
_f1868-1936
_gМаксим
_9110200
_3RU\NLR\auth\77104
702 1 _aДорту
_bМ.
_f1878-1935
_gМакс
702 1 _4070
_7ca
_8rus
_aТетмайер
_bК.
_f1865-1940
_gКазимеж
_955842
_3RU\NLR\AUTH\7772914
702 1 _aНьюкомб
_bГ.
_gГенри
702 1 _aРеймонт
_bС.
702 1 _aЭртель
_bИ.
702 1 _aНекрасов
_bН.
702 1 _aФокс
_bР.
702 1 _aНечаев
_bД.
702 1 _aВересаев
_bВ.
801 0 _aRU
_bNLR
_c20130401
852 _aNLR
_jЛ 60 В-1/317-5
852 _aNLR
_j18/759-5
899 _aРГБ
899 _aКирОУНБ
942 _cBOOK
980 _aNB
980 _aA1SV